000 01003naa a22002777a 4500
001 BR8207034
003 BR-BrBNA
005 20250721143213.0
007 ta
008 250630b bl.|||m| |||| 00| 0 por d
040 _aBR-BrBNA
_bpor
_cBiblioteca Nacional de Agricultura
041 _a(Pt)
072 _aE13
_b/G514
090 _aE13 BR8207034
100 1 _aSayad, J.
245 1 _aNotas sobre o comportamento da agricultura durante a recessao
500 _aSeminario de politica agricola. Coletanea de artigos tecnicos Brasilia, DF (Brasil): 1982. p. 71-85 [5 tables; 8 ref.] (BR8207034-AMS)
773 0 _tSeminario de politica agricola. Coletanea de artigos tecnicos
_wE13 BR8207034
_gBrasilia, DF (Brasil), 1982. p. 71-85
650 _aCREDITO RURAL
650 _aAGRICULTURA
650 _aPRECO
650 _aINFLACAO
490 _aColecao Analise e Pesquisa - Comissao de Financiamento da Producao (Brazil)
_vv. 25
942 _cAMS
_2AGRIS
909 _a202506
_bLúcia
_c55
_dLúcia Elande
999 _c334341
_d334341